Central Library OPAC University of Rajshahi

তুচ্ছ / (Record no. 44144)

MARC details
000 -LEADER
fixed length control field 00835nam a22002297a 4500
001 - CONTROL NUMBER
control field 44144
003 - CONTROL NUMBER IDENTIFIER
rucl marc code BD-RjUL
005 - DATE AND TIME OF LATEST TRANSACTION
control field 20211209053815.0
008 - FIXED-LENGTH DATA ELEMENTS--GENERAL INFORMATION
fixed length control field 160714s1961 bg ||||| |||| 00| 0 ben d
020 ## - INTERNATIONAL STANDARD BOOK NUMBER
Terms of availability : TK 4.00
035 ## - SYSTEM CONTROL NUMBER
System control number (BD-RjUL)44262
040 ## - CATALOGING SOURCE
Original cataloging agency BD-RjUL
Language of cataloging ben
Transcribing agency BD-RjUL
041 ## - LANGUAGE CODE
Language code of text/sound track or separate title ben
082 ## - DEWEY DECIMAL CLASSIFICATION NUMBER
Edition number 23
Classification number 891.443
Author mark and year SAT 1961
100 ## - MAIN ENTRY--PERSONAL NAME
Personal name সান্যাল, প্রবোধ কুমার
9 (RLIN) 135540
245 10 - TITLE STATEMENT
Title তুচ্ছ /
Statement of responsibility, etc. প্রবোধ কুমার সান্যাল
260 ## - PUBLICATION, DISTRIBUTION, ETC. (IMPRINT)
Place of publication, distribution, etc. ঢাকা :
Name of publisher, distributor, etc. ষ্ট্যাণ্ডার্ড পাবলিশার্স,
Date of publication, distribution, etc. ১৯৬১ [১৩৬৮]
300 ## - PHYSICAL DESCRIPTION
Pagination ২০৫ পৃ. ;
Size ২১ সেমি.
650 ## - SUBJECT ADDED ENTRY--TOPICAL TERM
Topical term or geographic name as entry element বাংলা উপন্যাস
9 (RLIN) 135541
Topical term or geographic name as entry element Bengali Fiction
9 (RLIN) 135542
942 ## - ADDED ENTRY ELEMENTS (KOHA)
Source of classification or shelving scheme Dewey Decimal Classification
Koha item type Books
Holdings
Lost status Source of classification or shelving scheme Damaged status Not for loan Collection code Permanent Location Current Location Shelving location Date acquired Source of acquisition Cost, normal purchase price Total Checkouts Full call number Date last seen Copy number Koha item type
  Dewey Decimal Classification     Fiction Central Library, University of Rajshahi Central Library, University of Rajshahi   25/01/1967 Purchesed 4.00   B 891.443 SAT 1961 14/07/2016 C-2 Books